000 00883nam a22002537a 4500
008 130821s2000 sp gr spa
020 _a8484421279
040 _aCo-BoUCM
_bspa
041 0 0 _aspa
100 1 _aBolea Bardon, Carolina
245 1 0 _aAutoría mediata en derecho penal
_cCarolina Bolea Bardon ; prólogo Santiago Mir Puig
260 _aValencia (España)
_bTirant Lo Blanch
_c2000
300 _a479 páginas
490 0 _aTirant Monografías
_v170
504 _aIncluye abreviaturas y bibliografía.
650 0 4 _aCómplices
_zEspaña
_911284
650 0 4 _aDerecho penal
_912805
650 0 4 _aDerecho penal
_zEspaña
_912805
650 0 4 _aPrincipales (Derecho penal)
_zEspaña
650 0 4 _aResponsabilidad penal
_zEspaña
_923684
700 1 _aMir Puig, Santiago
_epról.
942 _cLIBRO
_a8
_e1
_mB688a
_2DEWEY
_h345.03
999 _c68860
_d68860